[Event "Spring I"]
[Site "SchemingMind.com"]
[Date "2011.05.26"]
[Round "-"]
[White "kenneth m day"]
[Black "Yellow"]
[Result "0-1"]
[WhiteCountry "USA"]
[BlackCountry "INT"]
[WhiteElo "1943"]
[WhiteRD "55"]
[BlackElo "2354"]
[BlackRD "63"]
[GameID "284941"]

1. d4 d5 2. Bf4 Nf6 3. Nf3 e6 4. h3 Bd6 5. e3 Bxf4 6. exf4 Qd6 7. Qc1 O-O 8. Bd3 Nh5 9. g3 Nf6 10. Nc3 Nbd7
11. Qe3 c5 12. O-O-O c4 13. Be2 b5 14. Ne5 b4 15. Na4 Qa6 16. b3 Nb6 17. Nxb6 axb6 18. bxc4 Ne4 19. f3 Nxg3 20. Rh2 Qxa2
21. Qb3 Qa1+ 22. Qb1 Qa3+ 23. Qb2 Qe3+ 24. Rd2 Qc3
0-1

[Event "Spring I"]
[Site "SchemingMind.com"]
[Date "2011.05.26"]
[Round "-"]
[White "Yellow"]
[Black "kenneth m day"]
[Result "1-0"]
[WhiteCountry "INT"]
[BlackCountry "USA"]
[WhiteElo "2278"]
[WhiteRD "68"]
[BlackElo "1946"]
[BlackRD "66"]
[GameID "284942"]

1. Nf3 d5 2. g3 Nf6 3. d4 c6 4. Bg2 Bf5 5. O-O h6 6. c4 dxc4 7. Nbd2 b5 8. a4 a6 9. axb5 Bc8 10. Ne5 Bb7
11. bxc6 Nxc6 12. Nxc6 Qd7 13. Nxc4 Bxc6 14. Ne5 Bxg2 15. Nxd7 Bxf1 16. Nxf6+ gxf6 17. Qa4+
1-0

[Event "Spring I"]
[Site "SchemingMind.com"]
[Date "2011.06.01"]
[Round "-"]
[White "otsenrechess"]
[Black "Yellow"]
[Result "1-0"]
[WhiteCountry "HUN"]
[BlackCountry "INT"]
[WhiteElo "1784"]
[WhiteRD "50"]
[BlackElo "2075"]
[BlackRD "72"]
[GameID "285086"]

1. e4 e5 2. Nf3 Nc6 3. Bb5 a6 4. Ba4 Nf6 5. O-O Be7 6. Re1 b5 7. Bb3 d6 8. c3 O-O 9. h3 Bb7 10. d4 Re8
11. Ng5 Rf8 12. Nf3 Re8 13. Nbd2 Bf8 14. a3 h6 15. Bc2 Nb8 16. b4 Nbd7 17. Bb2 g6 18. Rb1 Rb8 19. a4 bxa4 20. Bxa4 exd4
21. Nxd4 Nxe4 22. Nc6 Bxc6 23. Bxc6 Nxd2 24. Rxe8 Qxe8 25. Qxd2 Bg7 26. Re1 Qd8 27. f4 Rb6 28. Bf3 c5 29. Ba3 Qf6 30. Re8+ Kh7
31. Bd5 Qxc3 32. Qxc3 Bxc3 33. Re7 cxb4 34. Rxf7+
1-0

[Event "Spring I"]
[Site "SchemingMind.com"]
[Date "2011.05.27"]
[Round "-"]
[White "otsenrechess"]
[Black "kenneth m day"]
[Result "1-0"]
[WhiteCountry "HUN"]
[BlackCountry "USA"]
[WhiteElo "2136"]
[WhiteRD "49"]
[BlackElo "1898"]
[BlackRD "56"]
[GameID "285087"]

1. d4 d5 2. c4 c6 3. Nc3 Nf6 4. Nf3 dxc4 5. a4 Bf5 6. e3 e6 7. Bxc4 Bb4 8. O-O O-O 9. Qe2 Nbd7 10. e4 Bg6
11. Bd3 Qc7 12. Bd2 a5 13. e5 Nd5 14. Nxd5 exd5 15. Bxb4 axb4 16. Bxg6 hxg6 17. e6 Nf6 18. Ng5 Rae8 19. Qe5 Qxe5 20. dxe5 Ne4
21. exf7+ Rxf7 22. Nxf7 Kxf7 23. f4 d4 24. Rfd1 c5 25. Re1 Nd2 26. Rad1 Nb3 27. Rd3 c4 28. Rxb3 cxb3 29. Re4 Rd8 30. Kf2 Ke6
31. Ke2 d3+ 32. Kd2 Kf5 33. Rxb4 g5 34. fxg5 Kxg5 35. Rxb7 Kf5 36. Rxb3 Kxe5 37. Rxd3
1-0

[Event "Spring I"]
[Site "SchemingMind.com"]
[Date "2011.06.01"]
[Round "-"]
[White "Yellow"]
[Black "otsenrechess"]
[Result "0-1"]
[WhiteCountry "INT"]
[BlackCountry "HUN"]
[WhiteElo "2075"]
[WhiteRD "72"]
[BlackElo "1784"]
[BlackRD "50"]
[GameID "285088"]

1. Nf3 Nf6 2. d4 e6 3. c4 b6 4. Nc3 Bb7 5. a3 d5 6. cxd5 Nxd5 7. e3 g6 8. Nxd5 exd5 9. Bd2 Bg7 10. Rc1 O-O
11. Qc2 c6 12. Bd3 Nd7 13. O-O c5 14. dxc5 bxc5 15. b4 c4 16. Be2 Qe7 17. Bc3 Bxc3 18. Qxc3 Nf6 19. Nd2 Bc6 20. Bf3 Qe6
21. Rfd1 Rfe8 22. Nf1 a5 23. Ng3 axb4 24. axb4 Reb8 25. Ne2 Qe7 26. b5 Bxb5 27. Bxd5 Ra3 28. Qe1 Nxd5 29. Rxd5 Ba6 30. Nc3 Bc8
31. Rd4 Qb4 32. Rd8+ Kg7 33. e4 Be6 34. Rxb8 Qxb8 35. Qd2 f6 36. Nd5 Qe5
0-1

[Event "Spring I"]
[Site "SchemingMind.com"]
[Date "2011.05.28"]
[Round "-"]
[White "kenneth m day"]
[Black "otsenrechess"]
[Result "0-1"]
[WhiteCountry "USA"]
[BlackCountry "HUN"]
[WhiteElo "1943"]
[WhiteRD "55"]
[BlackElo "2315"]
[BlackRD "53"]
[GameID "285089"]

1. d4 Nf6 2. Nf3 d5 3. Bf4 c5 4. c3 cxd4 5. Nxd4 Nbd7 6. Qa4 Qb6 7. Qc2 e5 8. Be3 exd4 9. Bxd4 Bc5 10. e3 O-O
11. Bd3 Re8 12. O-O Ne5 13. Bxe5 Rxe5 14. Nd2 Bd7 15. Nf3 Rh5 16. Rad1 Bg4 17. Be2 Ne4 18. h3 Bxh3 19. Nh2 Rg5 20. Bf3 Qg6
21. Rxd5 Rxg2+
0-1

[Event "Spring I"]
[Site "SchemingMind.com"]
[Date "2011.06.06"]
[Round "-"]
[White "SittingBull"]
[Black "Yellow"]
[Result "0-1"]
[WhiteCountry "CAN"]
[BlackCountry "INT"]
[WhiteElo "1836"]
[WhiteRD "64"]
[BlackElo "2354"]
[BlackRD "63"]
[GameID "285574"]

1. e4 e5 2. Nf3 Nc6 3. Bb5 a6 4. Ba4 Nf6 5. Qe2 Be7 6. O-O b5 7. Bb3 O-O 8. c3 d5 9. d3 Bb7 10. Nbd2 Re8
11. Rd1 Bf8 12. exd5 Nxd5 13. Ne4 Na5 14. Bc2 c5 15. Be3 Qc8 16. Nfd2 f5
0-1

[Event "Spring I"]
[Site "SchemingMind.com"]
[Date "2011.06.02"]
[Round "-"]
[White "SittingBull"]
[Black "otsenrechess"]
[Result "1-0"]
[WhiteCountry "CAN"]
[BlackCountry "HUN"]
[WhiteElo "1832"]
[WhiteRD "69"]
[BlackElo "2136"]
[BlackRD "49"]
[GameID "285575"]

1. e4 c5 2. Nf3 d6 3. d4 cxd4 4. Nxd4 Nf6 5. Nc3 a6 6. Bg5 e6 7. f4 Qc7 8. Bxf6 gxf6 9. Qd2 Nc6 10. O-O-O Bd7
11. Kb1 Nxd4 12. Qxd4 Be7 13. Be2 h5 14. Bf3 O-O-O 15. Rhe1 Kb8 16. f5 Rc8 17. fxe6 fxe6 18. Rd3 Qc5 19. Qxc5 Rxc5 20. Bd1 h4
21. Bg4 Rg8 22. h3 Re5 23. Red1 Bc6 24. Bf3 Kc7 25. Kc1 b5 26. a3 a5 27. Re1 b4 28. axb4 axb4 29. Nd1
1-0

[Event "Spring I"]
[Site "SchemingMind.com"]
[Date "2011.06.05"]
[Round "-"]
[White "SittingBull"]
[Black "kenneth m day"]
[Result "0-1"]
[WhiteCountry "CAN"]
[BlackCountry "USA"]
[WhiteElo "1855"]
[WhiteRD "66"]
[BlackElo "1946"]
[BlackRD "66"]
[GameID "285576"]

1. e4 e6 2. d4 d5 3. Nc3 Nf6 4. Bg5 Be7 5. e5 Nfd7 6. h4 c5 7. Bxe7 Qxe7 8. Nb5 Na6 9. Nd6+ Kd8 10. Qg4 g6
11. Nf3 cxd4 12. Qxd4 Nab8 13. Nxc8 Kxc8 14. O-O-O Nc6 15. Qc3 Nc5 16. Bd3 Nxd3+ 17. Rxd3 Kd7 18. Qb3 b6 19. Qa4 Rhc8 20. Rc3 Qb4
21. Qb3 Qxb3 22. axb3 h6 23. Re1 Rc7 24. Nd2 Rac8 25. f4 Nb4 26. Rxc7+ Rxc7
0-1

[Event "Spring I"]
[Site "SchemingMind.com"]
[Date "2011.06.06"]
[Round "-"]
[White "Yellow"]
[Black "SittingBull"]
[Result "1-0"]
[WhiteCountry "INT"]
[BlackCountry "CAN"]
[WhiteElo "2343"]
[WhiteRD "68"]
[BlackElo "1818"]
[BlackRD "72"]
[GameID "285577"]

1. Nf3 Nf6 2. g3 g6 3. b4 Bg7 4. Bb2 O-O 5. Bg2 d6 6. O-O e5 7. c4 a5 8. b5 c6 9. Nc3 Be6 10. d3 h6
11. Ba3 Qc7 12. Nd2 Rd8 13. Rc1 c5 14. Nd5 Nxd5 15. cxd5 Bd7 16. Rb1 Be8 17. Nc4 b6 18. f4 Nd7 19. Bb2 Rab8 20. e4 f6
21. Qf3 Kh7 22. a3 a4 23. Bc3 Nf8 24. f5 gxf5 25. Qxf5+ Bg6 26. Qf3 Rd7 27. Bh3 Re7 28. Bd2 Rb7 29. Ne3 Qd8 30. Bf5 Qe8
31. Qg4 Bh8 32. Qh4 Qf7 33. Ng4
1-0

[Event "Spring I"]
[Site "SchemingMind.com"]
[Date "2011.06.02"]
[Round "-"]
[White "otsenrechess"]
[Black "SittingBull"]
[Result "1-0"]
[WhiteCountry "HUN"]
[BlackCountry "CAN"]
[WhiteElo "2301"]
[WhiteRD "51"]
[BlackElo "1854"]
[BlackRD "66"]
[GameID "285578"]

1. e4 e6 2. d4 d5 3. Nc3 Bb4 4. e5 c5 5. a3 Bxc3+ 6. bxc3 Qc7 7. Qg4 f5 8. Qg3 cxd4 9. cxd4 Ne7 10. Bd2 O-O
11. Bd3 b6 12. Ne2 Kh8 13. O-O Ba6 14. h4 Bxd3 15. Qxd3 Qc4 16. Qxc4 dxc4 17. Nf4
1-0

[Event "Spring I"]
[Site "SchemingMind.com"]
[Date "2011.06.05"]
[Round "-"]
[White "kenneth m day"]
[Black "SittingBull"]
[Result "1-0"]
[WhiteCountry "USA"]
[BlackCountry "CAN"]
[WhiteElo "1897"]
[WhiteRD "56"]
[BlackElo "1789"]
[BlackRD "66"]
[GameID "285579"]

1. d4 Nf6 2. Nf3 g6 3. Nc3 Bg7 4. e4 d6 5. Be2 O-O 6. Be3 c6 7. h3 b5 8. a3 Bd7 9. Qd2 Na6 10. O-O Nc7
11. Na2 a6 12. c3 a5 13. Bd3 Re8 14. Bh6 Bh8 15. Rae1 e5 16. Nc1 Rb8 17. Ne2 exd4 18. Nexd4 Ne6 19. e5 dxe5 20. Nxe6 Rxe6
21. Rxe5 Nd5 22. Rxe6 Bxe6 23. Re1 b4 24. cxb4 axb4 25. Bg5 Qd6 26. Bh4 Nf4 27. Re3 Qd4 28. Nxd4
1-0

[Event "Spring I"]
[Site "SchemingMind.com"]
[Date "2011.07.02"]
[Round "-"]
[White "Darko"]
[Black "Yellow"]
[Result "0-1"]
[WhiteCountry "ROU"]
[BlackCountry "INT"]
[WhiteElo "1740"]
[WhiteRD "93"]
[BlackElo "2354"]
[BlackRD "63"]
[GameID "287625"]

1. e4 e5 2. Nf3 Nf6 3. Nxe5 d6 4. Nf3 Nxe4 5. d4 d5 6. Bd3 Bd6 7. O-O O-O 8. c4 c6 9. cxd5 cxd5 10. Nc3 Nxc3
11. bxc3 Bg4 12. Rb1 Nd7 13. h3 Bh5
0-1

[Event "Spring I"]
[Site "SchemingMind.com"]
[Date "2011.06.28"]
[Round "-"]
[White "Darko"]
[Black "SittingBull"]
[Result "0-1"]
[WhiteCountry "ROU"]
[BlackCountry "CAN"]
[WhiteElo "1876"]
[WhiteRD "116"]
[BlackElo "1855"]
[BlackRD "66"]
[GameID "287626"]

1. e4 c5 2. Nf3 d6 3. d4 cxd4 4. Nxd4 Nf6 5. Nc3 g6 6. Be3 Bg7 7. f3 Nc6 8. Qd2 Bd7 9. O-O-O h5 10. Bc4 O-O
11. Kb1 Rb8 12. Bb3 b5 13. Ndxb5 Ne5
0-1

[Event "Spring I"]
[Site "SchemingMind.com"]
[Date "2011.06.27"]
[Round "-"]
[White "Darko"]
[Black "otsenrechess"]
[Result "0-1"]
[WhiteCountry "ROU"]
[BlackCountry "HUN"]
[WhiteElo "1740"]
[WhiteRD "93"]
[BlackElo "2315"]
[BlackRD "53"]
[GameID "287627"]

1. e4 e5 2. Nf3 Nc6 3. Bb5 a6 4. Ba4 Nf6 5. O-O Be7 6. Re1 b5 7. Bb3 O-O 8. c3 d6 9. h3 Bb7 10. d4 Re8
11. Ng5 Rf8 12. Nf3 h6 13. Nbd2 Re8 14. Nf1 Bf8 15. Ng3 g6
0-1

[Event "Spring I"]
[Site "SchemingMind.com"]
[Date "2011.06.27"]
[Round "-"]
[White "Darko"]
[Black "kenneth m day"]
[Result "0-1"]
[WhiteCountry "ROU"]
[BlackCountry "USA"]
[WhiteElo "1740"]
[WhiteRD "93"]
[BlackElo "1943"]
[BlackRD "55"]
[GameID "287628"]

1. e4 e6 2. d4 d5 3. Nf3 c5 4. Nbd2 Nc6 5. exd5 exd5 6. Bb5 Bd6 7. dxc5 Bxc5 8. O-O Ne7 9. Nb3 Bd6 10. Re1 O-O
11. Bg5 Qc7 12. c3 Be6
0-1

[Event "Spring I"]
[Site "SchemingMind.com"]
[Date "2011.06.28"]
[Round "-"]
[White "SittingBull"]
[Black "Darko"]
[Result "1-0"]
[WhiteCountry "CAN"]
[BlackCountry "ROU"]
[WhiteElo "1836"]
[WhiteRD "64"]
[BlackElo "1740"]
[BlackRD "93"]
[GameID "287630"]

1. e4 e5 2. Nf3 Nc6 3. Bb5 a6 4. Ba4 Nf6 5. Qe2 Be7 6. O-O b5 7. Bb3 O-O 8. c3 d5 9. d3 Re8 10. exd5 Nxd5
11. Nxe5
1-0

[Event "Spring I"]
[Site "SchemingMind.com"]
[Date "2011.06.27"]
[Round "-"]
[White "otsenrechess"]
[Black "Darko"]
[Result "1-0"]
[WhiteCountry "HUN"]
[BlackCountry "ROU"]
[WhiteElo "2315"]
[WhiteRD "53"]
[BlackElo "1740"]
[BlackRD "93"]
[GameID "287631"]

1. e4 c5 2. Nf3 d6 3. Bb5+ Bd7 4. Bxd7+ Qxd7 5. O-O Nc6 6. c3 Nf6 7. Qe2 e6 8. d4 cxd4 9. cxd4 d5 10. e5 Ne4
11. Be3 Be7 12. Ne1 f5 13. f3
1-0

[Event "Spring I"]
[Site "SchemingMind.com"]
[Date "2011.07.02"]
[Round "-"]
[White "D O Vaughan"]
[Black "Darko"]
[Result "1-0"]
[WhiteCountry "WLS"]
[BlackCountry "ROU"]
[WhiteElo "1903"]
[WhiteRD "97"]
[BlackElo "1740"]
[BlackRD "93"]
[GameID "287648"]

1. f4 d5 2. e3 g6 3. Nf3 Bg7 4. d4 Nf6 5. Bd3 O-O 6. O-O c5 7. c3 Nc6 8. Nbd2 Qb6 9. Qe1 Ne8 10. Kh1 Nd6
11. dxc5 Qxc5 12. e4
1-0

[Event "Spring I"]
[Site "SchemingMind.com"]
[Date "2011.07.02"]
[Round "-"]
[White "D O Vaughan"]
[Black "Yellow"]
[Result "1-0"]
[WhiteCountry "WLS"]
[BlackCountry "INT"]
[WhiteElo "2125"]
[WhiteRD "78"]
[BlackElo "2075"]
[BlackRD "72"]
[GameID "287649"]

1. f4 Nf6 2. Nf3 d5 3. e3 Bg4 4. Be2 Nbd7 5. d4 e6 6. O-O Bd6 7. Nbd2 c5 8. Ne5 Bxe2 9. Qxe2 Qb6 10. c3 Rd8
11. Qf3 cxd4 12. Nxd7 Rxd7 13. exd4 O-O 14. Kh1 Qc7 15. Nb3 Re8 16. Be3 Qc4 17. Nd2 Qd3 18. Rfe1 Qc2 19. Rab1 Rc7 20. Qd1 Qf5
21. Qf3 b5 22. a3 a5 23. Nf1 Rec8 24. Ng3 Qg4 25. Qxg4 Nxg4 26. Bd2 Nf6 27. Re2 g6 28. h4 b4 29. axb4 axb4 30. Ra1 bxc3
31. bxc3 Be7 32. Kh2 Ne8 33. h5 Nd6 34. hxg6 hxg6 35. Rb1 Ra7 36. Kh3 Kg7 37. Kg4 Ra3 38. Be1 Bf6 39. Reb2
1-0

[Event "Spring I"]
[Site "SchemingMind.com"]
[Date "2011.07.02"]
[Round "-"]
[White "D O Vaughan"]
[Black "SittingBull"]
[Result "1-0"]
[WhiteCountry "WLS"]
[BlackCountry "CAN"]
[WhiteElo "2125"]
[WhiteRD "78"]
[BlackElo "1815"]
[BlackRD "81"]
[GameID "287650"]

1. e4 c5 2. Nf3 d6 3. d4 cxd4 4. Nxd4 Nf6 5. Nc3 g6 6. Be3 Bg7 7. f3 Nc6 8. Qd2 Bd7 9. Bc4 O-O 10. O-O-O Rb8
11. h4 b5 12. Ndxb5 Ne5 13. Be2 Qa5 14. Nd4 Rfc8 15. Nb3 Qb4 16. g4 Nc4 17. Bxc4 Rxc4 18. Kb1 a5 19. h5 a4 20. hxg6 axb3
21. cxb3 Rcc8 22. g5 Ne8 23. Qh2 hxg6 24. Nd5 Qa5 25. Nxe7+ Kf8 26. Nxc8 Rxc8 27. Qd2 Ra8 28. Qxa5 Rxa5 29. Rh2 Ke7 30. Rc2 Be6
31. Rc6 d5 32. Rc5 Rxc5 33. Bxc5+ Kd7 34. exd5 Bf5+ 35. Kc1 Nc7 36. a3 Be5 37. Be3 Kd6 38. f4 Bg7 39. Bd4
1-0

[Event "Spring I"]
[Site "SchemingMind.com"]
[Date "2011.07.02"]
[Round "-"]
[White "D O Vaughan"]
[Black "otsenrechess"]
[Result "1-0"]
[WhiteCountry "WLS"]
[BlackCountry "HUN"]
[WhiteElo "2000"]
[WhiteRD "87"]
[BlackElo "2147"]
[BlackRD "45"]
[GameID "287651"]

1. e4 b6 2. d4 Bb7 3. Bd3 g6 4. f4 Bg7 5. Nf3 e6 6. c3 d6 7. Be3 Nd7 8. O-O Qe7 9. Nbd2 Nh6 10. Bf2 Ng4
11. Qe2 Nxf2 12. Rxf2 O-O 13. Ba6 Bxa6 14. Qxa6 Bh6 15. Ne1 c5 16. Qd3 cxd4 17. cxd4 e5 18. dxe5 dxe5 19. f5 Rad8 20. Qh3 Bxd2
21. Rxd2 Qc5+ 22. Kh1 Nf6 23. Rxd8 Rxd8 24. fxg6 hxg6 25. Qf3 Rd6 26. Qe2 Rd4 27. Nf3 Rxe4 28. Qd2
1-0

[Event "Spring I"]
[Site "SchemingMind.com"]
[Date "2011.07.02"]
[Round "-"]
[White "D O Vaughan"]
[Black "kenneth m day"]
[Result "1-0"]
[WhiteCountry "WLS"]
[BlackCountry "USA"]
[WhiteElo "1903"]
[WhiteRD "97"]
[BlackElo "1943"]
[BlackRD "55"]
[GameID "287652"]

1. e4 e6 2. d4 d5 3. e5 c5 4. c3 Nc6 5. Nf3 Qb6 6. a3 Bd7 7. b4 cxd4 8. cxd4 Nge7 9. Nc3 Nf5 10. Na4 Qc7
11. Bb2 Be7 12. Rc1 Qd8 13. Bd3 O-O 14. O-O f6 15. Nc5 fxe5 16. dxe5 b6 17. Nxd7 Qxd7 18. Bb5 Rac8 19. Qa4 Qb7 20. Bxc6 Qb8
21. Bd7 Rcd8 22. Bxe6+ Kh8 23. Bxf5 Rxf5 24. Nd4 Rxe5 25. Nc6
1-0

[Event "Spring I"]
[Site "SchemingMind.com"]
[Date "2011.07.02"]
[Round "-"]
[White "Darko"]
[Black "D O Vaughan"]
[Result "0-1"]
[WhiteCountry "ROU"]
[BlackCountry "WLS"]
[WhiteElo "1740"]
[WhiteRD "93"]
[BlackElo "1903"]
[BlackRD "97"]
[GameID "287653"]

1. e4 e6 2. d4 d5 3. e5 c5 4. c3 Nc6 5. Nf3 Qb6 6. Bd3 cxd4 7. cxd4 Bd7 8. O-O Nxd4 9. Nxd4 Qxd4 10. Nc3 a6
11. Qf3 Qxe5 12. Bf4 Qf6 13. Rfe1 Ne7 14. Qg3 Bc6
0-1

[Event "Spring I"]
[Site "SchemingMind.com"]
[Date "2011.07.02"]
[Round "-"]
[White "Yellow"]
[Black "D O Vaughan"]
[Result "1-0"]
[WhiteCountry "INT"]
[BlackCountry "WLS"]
[WhiteElo "2351"]
[WhiteRD "62"]
[BlackElo "2006"]
[BlackRD "84"]
[GameID "287654"]

1. Nf3 f5 2. d4 Nf6 3. c4 e6 4. g3 Bb4+ 5. Bd2 Qe7 6. Bg2 Bxd2+ 7. Qxd2 d6 8. Nc3 e5 9. dxe5 dxe5 10. Rd1 e4
11. Nd4 O-O 12. O-O Nc6 13. Nxc6 bxc6 14. b3 Bd7 15. f3 Rfe8 16. fxe4 fxe4 17. Nxe4 Nxe4 18. Qxd7 Qc5+ 19. Qd4 Qxd4+ 20. Rxd4 Nc3
21. Rd7 Nxe2+ 22. Kh1 Rad8 23. Rxc7 Nc3 24. Bxc6 Re2 25. Rxa7 h6 26. a4 Rdd2 27. Ra8+ Kh7 28. Bf3 Rxh2+ 29. Kg1 Rb2 30. c5 Rh3
31. Rf2 Rxg3+ 32. Kh2 Rxf2+ 33. Kxg3 Rb2 34. c6 Rxb3 35. c7 Ne4+ 36. Kf4 Nd6 37. Be4+
1-0

[Event "Spring I"]
[Site "SchemingMind.com"]
[Date "2011.07.02"]
[Round "-"]
[White "SittingBull"]
[Black "D O Vaughan"]
[Result "0-1"]
[WhiteCountry "CAN"]
[BlackCountry "WLS"]
[WhiteElo "1818"]
[WhiteRD "72"]
[BlackElo "2023"]
[BlackRD "86"]
[GameID "287655"]

1. e4 e5 2. Nf3 Nc6 3. Bb5 a6 4. Ba4 Nf6 5. Qe2 b5 6. Bb3 Bc5 7. O-O O-O 8. d3 d6 9. Bg5 Na5 10. Nc3 c6
11. Nd1 Nxb3 12. axb3 Re8 13. Ne3 h6 14. Bh4 Qe7 15. h3 Qe6 16. Bxf6 Qxf6 17. c3 Be6 18. b4 Bb6 19. Ra3 a5 20. bxa5 Rxa5
21. Rxa5 Bxa5 22. Ra1 Bb6 23. Ra6 Rb8 24. c4 Bc8 25. Ra1 bxc4 26. Nxc4 Bc5 27. Qd1 Kh7 28. Ne3 Rxb2 29. Ra8 Be6 30. Qa4 Rb1+
31. Nf1 Bxh3 32. Qxc6 Rxf1+ 33. Kxf1 Qxf3
0-1

[Event "Spring I"]
[Site "SchemingMind.com"]
[Date "2011.07.02"]
[Round "-"]
[White "otsenrechess"]
[Black "D O Vaughan"]
[Result "0-1"]
[WhiteCountry "HUN"]
[BlackCountry "WLS"]
[WhiteElo "1823"]
[WhiteRD "45"]
[BlackElo "2047"]
[BlackRD "85"]
[GameID "287656"]

1. e4 e5 2. Nf3 Nc6 3. Bb5 a6 4. Ba4 Nf6 5. O-O Nxe4 6. d4 b5 7. Bb3 d5 8. dxe5 Be6 9. Nbd2 Be7 10. c3 O-O
11. Bc2 f5 12. Nb3 Qd7 13. Nfd4 Nxd4 14. Nxd4 c5 15. Nxe6 Qxe6 16. f3 Ng5 17. a4 g6 18. Kh1 Nf7 19. f4 Rab8 20. axb5 axb5
21. Be3 Rfd8 22. Qd3 Rd7 23. Kg1 Nd8 24. g4 fxg4 25. f5 gxf5 26. Rxf5 Nc6 27. Ra6 c4 28. Qe2 Bd8 29. Bc5 h5
0-1

[Event "Spring I"]
[Site "SchemingMind.com"]
[Date "2011.07.02"]
[Round "-"]
[White "kenneth m day"]
[Black "D O Vaughan"]
[Result "0-1"]
[WhiteCountry "USA"]
[BlackCountry "WLS"]
[WhiteElo "1943"]
[WhiteRD "55"]
[BlackElo "1903"]
[BlackRD "97"]
[GameID "287657"]

1. d4 Nf6 2. Nf3 g6 3. Bf4 Bg7 4. h3 d5 5. e3 c6 6. Bd3 Qb6 7. Qc1 Bf5 8. Bxf5 gxf5 9. O-O Nbd7 10. Nbd2 Ne4
11. c3 a5 12. Nxe4 fxe4 13. Nd2 O-O 14. f3 f5 15. fxe4 fxe4 16. Rb1 e5 17. dxe5 Rxf4 18. Rxf4 Qxe3+ 19. Rf2 Nxe5 20. Qe1 Qxe1+
21. Rxe1 Nd3
0-1

[Event "Spring I"]
[Site "SchemingMind.com"]
[Date "2011.07.01"]
[Round "-"]
[White "TRH"]
[Black "Darko"]
[Result "1-0"]
[WhiteCountry "ENG"]
[BlackCountry "ROU"]
[WhiteElo "2131"]
[WhiteRD "61"]
[BlackElo "1740"]
[BlackRD "93"]
[GameID "287838"]

1. e4 c5 2. Nf3 d6 3. d4 cxd4 4. Nxd4 Nf6 5. Nc3 a6 6. Bg5 e6 7. f4 Qc7 8. Qf3 b5 9. O-O-O b4 10. Nce2 Nbd7
11. g4 Bb7 12. Ng3 Rc8 13. Bd3 Be7 14. Nh5 Nxh5 15. Bxe7 Kxe7 16. gxh5 Qb6 17. Ne2 b3 18. axb3 Qxb3 19. Qg3 Qa4 20. Kb1 Bxe4
21. b3
1-0

[Event "Spring I"]
[Site "SchemingMind.com"]
[Date "2011.07.06"]
[Round "-"]
[White "TRH"]
[Black "Yellow"]
[Result "0-1"]
[WhiteCountry "ENG"]
[BlackCountry "INT"]
[WhiteElo "1966"]
[WhiteRD "63"]
[BlackElo "2351"]
[BlackRD "62"]
[GameID "287839"]

1. d4 d5 2. c4 c6 3. Nf3 Nf6 4. Nc3 dxc4 5. a4 Bf5 6. e3 e6 7. Bxc4 Bb4 8. O-O O-O 9. Qe2 Nbd7 10. e4 Bg6
11. Bd3 h6 12. Bf4 Qe7 13. Na2 Nh5 14. Be3 Ba5 15. Nc3 Rad8 16. Rac1 Bb6 17. Rfd1 e5 18. d5 Rfe8 19. g3 Nhf6 20. Bxb6 Nxb6
21. dxc6 bxc6 22. b3 Bh5 23. Kg2 Nbd7 24. Bc4 Rb8 25. Rb1 a5 26. h3 Qb4 27. Qd3 Nb6 28. g4 Bg6 29. Qe3 Ra8 30. Nd2 Rad8
31. Na2 Qa3 32. Qxb6 Qxa2 33. Ra1 Qc2 34. Qxa5 Bxe4+ 35. Nxe4 Qxe4+
0-1

[Event "Spring I"]
[Site "SchemingMind.com"]
[Date "2011.07.01"]
[Round "-"]
[White "TRH"]
[Black "SittingBull"]
[Result "1-0"]
[WhiteCountry "ENG"]
[BlackCountry "CAN"]
[WhiteElo "2131"]
[WhiteRD "61"]
[BlackElo "1836"]
[BlackRD "64"]
[GameID "287840"]

1. d4 Nf6 2. c4 g6 3. Nc3 Bg7 4. e4 d6 5. Nf3 O-O 6. Be2 e5 7. O-O Nc6 8. d5 Ne7 9. Ne1 Nd7 10. Nd3 f5
11. Bd2 Nf6 12. f3 f4 13. c5 Rf7 14. Rc1 Bf8 15. cxd6 cxd6 16. Nf2 g5 17. Be1 Ng6 18. Qb3 h5 19. Nd3 g4 20. Kh1 Rg7
21. Rg1 Nh4 22. Bxh4
1-0

[Event "Spring I"]
[Site "SchemingMind.com"]
[Date "2011.07.02"]
[Round "-"]
[White "TRH"]
[Black "D O Vaughan"]
[Result "1/2-1/2"]
[WhiteCountry "ENG"]
[BlackCountry "WLS"]
[WhiteElo "2131"]
[WhiteRD "61"]
[BlackElo "1903"]
[BlackRD "97"]
[GameID "287841"]

1. e4 Nf6 2. e5 Nd5 3. d4 d6 4. Nf3 Bg4 5. Be2 e6 6. O-O Be7 7. c4 Nb6 8. Nc3 O-O 9. Be3 Nc6 10. exd6 cxd6
11. b3 Bf6 12. Ne4 Be7 13. d5 exd5 14. cxd5 Nb4 15. Bxb6 Qxb6 16. a3 Na6 17. Nfd2 Bf5 18. Nc4 Qd8 19. Ng3 Bd7 20. b4 Re8
21. Rc1 Bb5 22. Nf5 Bf8 23. Nfe3 g6 24. Re1 Qd7 25. Qd4 Bg7 26. Qf4 Bxc4 27. Nxc4 Rad8 28. Bg4 Rxe1+ 29. Rxe1 f5 30. Bf3 Nc7
31. h3 Bf6 32. g4 Re8 33. Rxe8+ Nxe8 34. Qe3 b6=
1/2-1/2

[Event "Spring I"]
[Site "SchemingMind.com"]
[Date "2011.07.01"]
[Round "-"]
[White "TRH"]
[Black "otsenrechess"]
[Result "1/2-1/2"]
[WhiteCountry "ENG"]
[BlackCountry "HUN"]
[WhiteElo "2155"]
[WhiteRD "63"]
[BlackElo "2301"]
[BlackRD "51"]
[GameID "287842"]

1. d4 Nf6 2. c4 e6 3. Nf3 Bb4+ 4. Nc3 c5 5. e3 O-O 6. Be2 d5 7. O-O Nc6 8. cxd5 exd5 9. dxc5 Bxc5 10. b3 a6
11. Bb2 Ba7 12. Rc1 Qd6 13. Rc2 Be6 14. Rd2 Rad8 15. Nxd5 Nxd5 16. e4 Qc5 17. exd5 Rxd5 18. Rxd5 Bxd5 19. Qd3 Be6 20. Qc3 Qxc3
21. Bxc3 Rd8 22. Rd1 Rxd1+=
1/2-1/2

[Event "Spring I"]
[Site "SchemingMind.com"]
[Date "2011.07.03"]
[Round "-"]
[White "TRH"]
[Black "kenneth m day"]
[Result "1-0"]
[WhiteCountry "ENG"]
[BlackCountry "USA"]
[WhiteElo "2131"]
[WhiteRD "61"]
[BlackElo "1943"]
[BlackRD "55"]
[GameID "287843"]

1. d4 d5 2. c4 Bf5 3. Nf3 e6 4. Nc3 c6 5. cxd5 exd5 6. Bf4 Nf6 7. e3 Nbd7 8. Bd3 Bxd3 9. Qxd3 Be7 10. h3 O-O
11. O-O Re8 12. Rab1 Rc8 13. b4 Bf8 14. a3 Ne4 15. Nd2 Ndf6 16. Rfe1 Bd6 17. Bxd6 Nxd6 18. Rbc1 Qc7 19. a4 Re6 20. b5 Qe7
21. bxc6 Rxc6 22. Nf3 Nde4 23. Ne5 Rcd6 24. Nb5 Rd8 25. f3 Nd6 26. Nc7 Rxe5 27. dxe5 Qxe5 28. Rcd1 Nc4 29. Qxc4 Rc8 30. Qd4 Qxc7
31. Qxa7 h6 32. Rc1 Qd7 33. Rxc8+ Qxc8 34. a5 Nd7 35. Rb1 Qc2 36. Rxb7 Ne5 37. Qb8+
1-0

[Event "Spring I"]
[Site "SchemingMind.com"]
[Date "2011.07.02"]
[Round "-"]
[White "Darko"]
[Black "TRH"]
[Result "0-1"]
[WhiteCountry "ROU"]
[BlackCountry "ENG"]
[WhiteElo "1740"]
[WhiteRD "93"]
[BlackElo "2131"]
[BlackRD "61"]
[GameID "287844"]

1. e4 e5 2. Nf3 Nc6 3. Bb5 a6 4. Ba4 Nf6 5. O-O Be7 6. Re1 b5 7. Bb3 d6 8. c3 O-O 9. h3 Na5 10. Bc2 c5
11. d4 Qc7 12. Nbd2 cxd4 13. cxd4 Nc6 14. Nb3 a5 15. Be3 a4 16. Nbd2 Bd7 17. Rc1 Qb7 18. Qe2 Rfe8 19. Bd3 Rab8 20. d5 Nb4
21. Bb1 Bd8 22. Nh2 Na6 23. f4 exf4 24. Bxf4 Nxd5 25. Bxd6 Qb6+ 26. Kh1 Qxd6 27. Qd3 Nab4
0-1